[Event "Irish International Open 2019"]
[Site "Dublin IRL"]
[Date "2019.04.17"]
[Round "1.21"]
[White "Mihalik, Agoston"]
[Black "Loughran, John"]
[Result "1-0"]
[WhiteElo "2203"]
[BlackElo "1669"]
[BlackICU "1548"]
[BlackClub "Skerries"]
[WhiteNationality "HUN"]
[BlackNationality "IRL"]
[WhiteFideId "719021"]
[BlackFideId "2501562"]
[PlyCount "61"]
[EventDate "2019.04.17"]
[ICUid "50074"]
[HashCode "3c320f02"]

{ Event information: <a
href="http://www.irlchess.com/irishopen2019_allfiles/pairings_irishopen2019.html">Tournament
report</a>. }

1. e4 c5 2. Nf3 e6 3. b3 Nc6 4. Bb2 d5 5. exd5 exd5 6. Bb5 a6 7. Bxc6+ bxc6
8. O-O Be6 9. Re1 h6 10. Ne5 Qc7 11. Ng6 Rh7 12. Nxf8 Kxf8 13. Ba3 Nf6 14.
Bxc5+ Kg8 15. Qf3 Re8 16. Nc3 Ng4 17. Qg3 Qxg3 18. hxg3 Nf6 19. Ne2 Nd7 20.
b4 f6 21. Nd4 Nxc5 22. bxc5 Bd7 23. Rxe8+ Bxe8 24. Re1 Kf7 25. Nf5 Kg6 26.
Nd6 Bd7 27. Re7 Bf5 28. Rc7 Bxc2 29. Rxc6 Bd3 30. Rb6 Rh8 31. c6 1-0

[Event "Irish International Open 2019"]
[Site "Dublin IRL"]
[Date "2019.04.17"]
[Round "1.22"]
[White "Farrelly, Eoin"]
[Black "Han, Yichen"]
[Result "0-1"]
[WhiteElo "1644"]
[BlackElo "2190"]
[WhiteICU "1384"]
[WhiteNationality "IRL"]
[BlackNationality "NED"]
[WhiteFideId "2510359"]
[BlackFideId "1054430"]
[PlyCount "81"]
[EventDate "2019.04.17"]
[ICUid "50075"]
[HashCode "4e5a582f"]

{ Event information: <a
href="http://www.irlchess.com/irishopen2019_allfiles/pairings_irishopen2019.html">Tournament
report</a>. }

1. d4 Nf6 2. c4 g6 3. Nc3 Bg7 4. e4 d6 5. f3 O-O 6. Be3 c5 7. d5 e6 8. Qd2
exd5 9. cxd5 a6 10. a4 h5 11. Be2 Re8 12. Bh6 Bh8 13. a5 Nh7 14. Bf4 Qe7
15. Na4 Nd7 16. Nh3 Rb8 17. Nf2 f5 18. Be3 Nhf6 19. Bd3 Ne5 20. Bg5 Nxd3+
21. Qxd3 fxe4 22. fxe4 Qe5 23. Bxf6 Bxf6 24. O-O Bd7 25. Nc3 Rf8 26. Nh3
Bg7 27. Qe3 Rxf1+ 28. Rxf1 Rf8 29. Rxf8+ Bxf8 30. Nf4 Bh6 31. g3 Kh7 32.
Qf2 Bg7 33. Nd3 Qe7 34. Qe1 Qf7 35. Qe2 Bd4+ 36. Nf2 Bg4 37. Qf1 Qf3 38.
Qg2 Qe3 39. Qf1 h4 40. gxh4 Bh3 41. Nd1 0-1

[Event "Irish International Open 2019"]
[Site "Dublin IRL"]
[Date "2019.04.17"]
[Round "1.23"]
[White "Menzies, Colin"]
[Black "Putar, Lara"]
[Result "1-0"]
[WhiteElo "2183"]
[BlackElo "1641"]
[BlackICU "1506"]
[WhiteNationality "IRL"]
[BlackNationality "CRO"]
[WhiteFideId "2502755"]
[BlackFideId "14546604"]
[PlyCount "125"]
[EventDate "2019.04.17"]
[ICUid "50076"]
[HashCode "78c753a5"]

{ Event information: <a
href="http://www.irlchess.com/irishopen2019_allfiles/pairings_irishopen2019.html">Tournament
report</a>. }

1. d4 d5 2. c4 c6 3. Nc3 Nf6 4. Nf3 g6 5. e3 Bg7 6. a4 O-O 7. Be2 Bf5 8.
O-O Nbd7 9. Qb3 Rb8 10. cxd5 Nxd5 11. Nxd5 Be6 12. Bc4 cxd5 13. Bxd5 Nc5
14. dxc5 Bxd5 15. Qb4 a5 16. Qf4 Bxf3 17. Qxf3 Qc7 18. Ra3 Qxc5 19. Rb3
Rbc8 20. g3 b6 21. Rb5 Qc6 22. e4 Rfd8 23. Bg5 Qb7 24. Re1 Rc2 25. Re2 Rd1+
26. Kg2 Rxe2 27. Qxe2 Rd4 28. b3 f5 29. Be3 Qxe4+ 30. Qf3 Qxf3+ 31. Kxf3
Rd3 32. Ke2 Rd7 33. Bxb6 Rb7 34. Bxa5 Rxb5 35. axb5 Be5 36. f4 Bb8 37. Bd8
Kf7 38. b6 Ke8 39. Bc7 Bxc7 40. bxc7 Kd7 41. Ke3 Kxc7 42. Kd4 Kd6 43. b4
Kc6 44. Ke5 Kb5 45. Ke6 Kxb4 46. Kxe7 Kc5 47. Kf6 Kd6 48. Kg7 Ke6 49. Kxh7
Kf6 50. Kh6 Kf7 51. Kg5 Kg7 52. h4 Kf7 53. h5 gxh5 54. Kxf5 h4 55. gxh4 Kg7
56. Ke6 Kf8 57. f5 Ke8 58. h5 Kf8 59. Kf6 Kg8 60. Ke7 Kh7 61. f6 Kh8 62. f7
Kh7 63. f8=R 1-0

[Event "Irish International Open 2019"]
[Site "Dublin IRL"]
[Date "2019.04.17"]
[Round "1.24"]
[White "Whelan, Niall P."]
[Black "Buonanno, Raffaele"]
[Result "0-1"]
[BlackTitle "FM"]
[WhiteElo "1620"]
[BlackElo "2091"]
[WhiteICU "1373"]
[WhiteClub "Rathmines"]
[WhiteNationality "IRL"]
[BlackNationality "ITA"]
[WhiteFideId "2500809"]
[BlackFideId "2807713"]
[PlyCount "103"]
[EventDate "2019.04.17"]
[ICUid "50077"]
[HashCode "5ed4b8a9"]

{ Event information: <a
href="http://www.irlchess.com/irishopen2019_allfiles/pairings_irishopen2019.html">Tournament
report</a>. }

1. e4 c5 2. Nf3 e6 3. d4 cxd4 4. Nxd4 a6 5. Nc3 Qc7 6. Bd3 Nf6 7. a3 b5 8.
Qe2 d6 9. Bg5 Be7 10. Rc1 Bb7 11. O-O O-O 12. f4 Nbd7 13. Nf3 Nc5 14. e5
dxe5 15. Nxe5 Nxd3 16. Nxd3 h6 17. Bxf6 Bxf6 18. Ne5 Rfd8 19. Rcd1 Rac8 20.
Rxd8+ Rxd8 21. Rd1 Qc5+ 22. Kf1 Rxd1+ 23. Nxd1 Qd4 24. Nd3 Qd6 25. c3 Bd5
26. Qe3 Bc4 27. Nf2 Bd8 28. Ke1 Bb6 29. Qe5 Qd8 30. Nc5 f6 31. Qd4 Qa8 32.
Qe4 Bd5 33. Qe3 Bxc5 34. Qxc5 Bxg2 35. Qb6 Bd5 36. Nd3 Bc4 37. Nf2 Qf3 38.
Qd8+ Kh7 39. Qd2 e5 40. fxe5 fxe5 41. Qc2+ Kh8 42. b3 Qe3+ 43. Kd1 Bd5 44.
Qd2 Bxb3+ 45. Kc1 Qf3 46. Qd8+ Bg8 47. Qh4 Qxc3+ 48. Kd1 Qa1+ 49. Ke2 Bc4+
50. Kf3 Qxa3+ 51. Kg2 Bd5+ 52. Kf1 0-1

[Event "Irish International Open 2019"]
[Site "Dublin IRL"]
[Date "2019.04.17"]
[Round "1.25"]
[White "Schut, Han"]
[Black "Harrington, Eoin"]
[Result "1-0"]
[WhiteElo "2173"]
[BlackElo "1585"]
[BlackICU "1153"]
[BlackClub "Ballyroan C.C."]
[WhiteNationality "NED"]
[BlackNationality "IRL"]
[WhiteFideId "1005561"]
[BlackFideId "2513196"]
[PlyCount "71"]
[EventDate "2019.04.17"]
[ICUid "50078"]
[HashCode "4910faf0"]

{ Event information: <a
href="http://www.irlchess.com/irishopen2019_allfiles/pairings_irishopen2019.html">Tournament
report</a>. }

1. e4 c5 2. Nf3 d6 3. d4 cxd4 4. Nxd4 Nf6 5. f3 Nc6 6. c4 e5 7. Nc2 Be6 8.
Be3 Rc8 9. Qd2 Be7 10. Be2 Nd7 11. O-O O-O 12. Nc3 a6 13. Rfd1 Nb6 14. b3
f5 15. exf5 Bxf5 16. Rac1 Kh8 17. Bd3 Bxd3 18. Qxd3 Bg5 19. Bxg5 Qxg5 20.
Ne4 Qh5 21. Nxd6 Rcd8 22. Qe3 Nd4 23. Nxd4 Rxd6 24. Ne2 Rh6 25. h3 Rg6 26.
Kh2 h6 27. c5 Nc8 28. Rd5 Rg5 29. Rcd1 Qg6 30. g4 Qf6 31. R1d3 Na7 32. Rd6
Qf7 33. Rd7 Qe8 34. h4 e4 35. Rd8 Qf7 36. R3d7 1-0

[Event "Irish International Open 2019"]
[Site "Dublin IRL"]
[Date "2019.04.17"]
[Round "1.27"]
[White "Murray, David"]
[Black "Murray, Sam"]
[Result "1-0"]
[WhiteElo "2152"]
[BlackElo "1554"]
[WhiteICU "2146"]
[BlackICU "1521"]
[WhiteClub "Gonzaga"]
[BlackClub "Gonzaga"]
[WhiteNationality "IRL"]
[BlackNationality "IRL"]
[WhiteFideId "2501511"]
[BlackFideId "2508958"]
[PlyCount "61"]
[EventDate "2019.04.17"]
[ICUid "50080"]
[HashCode "3deeb18a"]

{ Event information: <a
href="http://www.irlchess.com/irishopen2019_allfiles/pairings_irishopen2019.html">Tournament
report</a>. }

1. e4 e6 2. d4 d5 3. Nd2 dxe4 4. Nxe4 Nd7 5. c4 Ngf6 6. Nc3 Bb4 7. Bd3 O-O
8. Nf3 c5 9. a3 Bxc3+ 10. bxc3 b6 11. O-O Bb7 12. Re1 Re8 13. a4 Qc7 14.
Ne5 Nxe5 15. dxe5 Qc6 16. f3 Nd7 17. Qc2 Nf8 18. Qf2 Rad8 19. Bc2 Qc7 20.
a5 Bc6 21. Bg5 Rd7 22. Qg3 Ng6 23. h4 f6 24. Bxg6 hxg6 25. Bf4 f5 26. Qxg6
Rd3 27. axb6 axb6 28. Ra3 Qd7 29. Rea1 Rxc3 30. Ra7 Bb7 31. Rxb7 1-0

[Event "Irish International Open 2019"]
[Site "Dublin IRL"]
[Date "2019.04.17"]
[Round "1.28"]
[White "Putar, Leon"]
[Black "Longson, Sarah N."]
[Result "1-0"]
[BlackTitle "WFM"]
[WhiteElo "1549"]
[BlackElo "2123"]
[WhiteICU "1651"]
[WhiteNationality "CRO"]
[BlackNationality "ENG"]
[WhiteFideId "14546612"]
[BlackFideId "2501465"]
[PlyCount "111"]
[EventDate "2019.04.17"]
[ICUid "50081"]
[HashCode "64478995"]

{ Event information: <a
href="http://www.irlchess.com/irishopen2019_allfiles/pairings_irishopen2019.html">Tournament
report</a>. }

1. e4 e5 2. Nf3 Nc6 3. Bc4 Nf6 4. Ng5 d5 5. exd5 Na5 6. d3 h6 7. Nf3 e4 8.
Qe2 Nxc4 9. dxc4 Bc5 10. Nc3 O-O 11. Nd2 Bg4 12. Qf1 e3 13. fxe3 Bxe3 14.
Nf3 Bxc1 15. Rxc1 Qe7+ 16. Kd2 Rfe8 17. Re1 Qb4 18. Qd3 Qxb2 19. Rb1 Qa3
20. Rxb7 Qd6 21. g3 c6 22. Rhb1 cxd5 23. cxd5 Rac8 24. R1b4 Rxc3 25. Kxc3
Nxd5+ 26. Kb2 Qf6+ 27. Nd4 Nxb4 28. Rxb4 a5 29. Rb5 Be2 30. Qc3 Bxb5 31.
Nxb5 Rb8 32. a4 Qxc3+ 33. Kxc3 Kf8 34. Kd4 Ke7 35. c4 g5 36. g4 Ke6 37. c5
Rd8+ 38. Nd6 Rb8 39. Nb5 f5 40. gxf5+ Kxf5 41. c6 Ke6 42. Kc5 Rf8 43. Kb6
g4 44. c7 Kd7 45. Na7 Ra8 46. Nc6 Rc8 47. Ne5+ Kd6 48. Nf7+ Kd7 49. Ne5+
Kd6 50. Nf7+ Ke7 51. Nxh6 Rf8 $4 (51... Kd7 $10) 52. Nxg4 Kd7 53. Kb7 Rh8
54. Nf6+ Ke6 55. c8=Q+ Rxc8 56. Kxc8 1-0

[Event "Irish International Open 2019"]
[Site "Dublin IRL"]
[Date "2019.04.17"]
[Round "1.29"]
[White "Melaugh, Gavin"]
[Black "Pitkeathly, Hamish"]
[Result "1-0"]
[WhiteElo "2109"]
[BlackElo "1511"]
[WhiteICU "2058"]
[WhiteClub "T.C.D."]
[WhiteNationality "IRL"]
[BlackNationality "ENG"]
[WhiteFideId "2509571"]
[BlackFideId "426768"]
[PlyCount "59"]
[EventDate "2019.04.17"]
[ICUid "50082"]
[HashCode "3b3916c3"]

{ Event information: <a
href="http://www.irlchess.com/irishopen2019_allfiles/pairings_irishopen2019.html">Tournament
report</a>. }

1. e4 c5 2. d4 cxd4 3. c3 d3 4. c4 Nc6 5. Bxd3 g6 6. Nf3 Bg7 7. Nc3 d6 8.
h3 Nf6 9. O-O O-O 10. Be3 Bd7 11. a3 Rc8 12. Rc1 Ne8 13. b4 b6 14. Qd2 f6
15. Rfd1 Be6 16. Qe2 Ne5 17. Nxe5 fxe5 18. c5 bxc5 19. bxc5 Qa5 20. Bc4
Bxc4 21. Qxc4+ Kh8 22. Qb4 Qa6 23. Nd5 e6 24. Ne7 Rc7 25. cxd6 Rxc1 26.
Rxc1 Qxd6 27. Bc5 Qc7 28. Rd1 Rf7 29. Qb5 a6 30. Qxe8+ 1-0

[Event "Irish International Open 2019"]
[Site "Dublin IRL"]
[Date "2019.04.17"]
[Round "1.30"]
[White "Jordan, Felix"]
[Black "Melaugh, Shane"]
[Result "0-1"]
[WhiteElo "1538"]
[BlackElo "2105"]
[WhiteICU "1442"]
[BlackICU "2091"]
[WhiteClub "St. Benildus"]
[BlackClub "Elm Mount"]
[WhiteNationality "IRL"]
[BlackNationality "IRL"]
[WhiteFideId "2510324"]
[BlackFideId "2509580"]
[PlyCount "116"]
[EventDate "2019.04.17"]
[ICUid "50083"]
[HashCode "693880af"]

{ Event information: <a
href="http://www.irlchess.com/irishopen2019_allfiles/pairings_irishopen2019.html">Tournament
report</a>. }

1. e4 c5 2. Nf3 e6 3. d4 cxd4 4. Nxd4 a6 5. Nc3 Qc7 6. Be2 Nf6 7. O-O Bb4
8. Qd3 Nc6 9. a3 Be7 10. Be3 Ne5 11. Qd1 b5 12. Bf4 O-O 13. Bxe5 Qxe5 14.
f4 Qc7 15. e5 Ne8 16. Bf3 Rb8 17. Qe2 Bc5 18. Qd2 d6 19. Kh1 Bd7 20. Rad1
dxe5 21. fxe5 Qxe5 22. Rfe1 Qxd4 23. Qxd4 Bxd4 24. Rxd4 Nf6 25. Ne4 Nd5 26.
Nc5 Bc6 27. Nxa6 Rbc8 28. c4 bxc4 29. Rxc4 Bb5 30. Rxc8 Rxc8 31. Bxd5 Bxa6
32. Bf3 Kf8 33. Kg1 Ke7 34. Be2 Bb7 35. Bd3 Rd8 36. Be4 Bxe4 37. Rxe4 f5
38. Rb4 e5 39. Rb7+ Kf6 40. Rb6+ Kg5 41. Rb7 g6 42. g3 Kg4 43. Rb3 e4 44.
Re3 g5 45. b4 Re8 46. Kg2 f4 47. h3+ Kf5 48. Re1 Rc8 49. g4+ Ke5 50. a4
Rc2+ 51. Kg1 Rb2 52. b5 f3 53. Re3 Kf4 54. Ra3 Rb1+ 55. Kf2 e3+ 56. Rxe3
Rb2+ 57. Kf1 Kxe3 58. b6 Rb1# 0-1

[Event "Irish International Open 2019"]
[Site "Dublin IRL"]
[Date "2019.04.17"]
[Round "1.31"]
[White "Horvath, Gabor"]
[Black "Khairil, Muhd Khairil Asyraf"]
[Result "1-0"]
[WhiteTitle "CM"]
[WhiteElo "2252"]
[BlackElo "1522"]
[WhiteICU "2087"]
[BlackICU "1626"]
[WhiteClub "Galway"]
[BlackClub "Galway"]
[WhiteNationality "HUN"]
[BlackNationality "MAS"]
[WhiteFideId "720003"]
[BlackFideId "5712467"]
[PlyCount "80"]
[EventDate "2019.04.17"]
[WhiteFullName "Horv&aacute;th, G&aacute;bor"]
[ICUid "50084"]
[HashCode "53014a53"]

{ Annotator: G&aacute;bor Horv&aacute;th, <a
href="https://www.chess.com/blog/GaborHorvath/my-first-otb-game-against-a-cheater">My
first OTB game against a cheater</a>, Chess.com blog, April 30, 2019. } {
Event information: <a
href="http://www.irlchess.com/irishopen2019_allfiles/pairings_irishopen2019.html">Tournament
report</a>. }

1. e4 e5 2. Nf3 Nf6 3. Nxe5 d6 4. Nf3 Nxe4 5. d4 d5 6. Bd3 Be7 7. O-O Nc6
8. Re1 O-O 9. c4 Nf6 10. Nc3 dxc4 11. Bxc4 Bg4 12. Bg5 Bxf3 13. Qxf3 Qxd4
14. Bb5 Bd6 15. h3 Rae8 16. Bxc6 bxc6 17. Qxc6 Re6 18. Rad1 Qxd1 19. Rxd1
Bh2+ 20. Kxh2 Rxc6 21. Be3 a6 22. Kg3 h6 23. Kf3 Kh7 24. Rd2 g5 25. Ne2 Re8
26. Nd4 Rc4 27. b3 Rc6 28. g4 Ne4 29. Re2 Rc3 30. Kg2 c5 31. Nf5 Kg6 32.
Rb2 h5 33. Re2 Re6 34. Kf3 Nd6 35. Nxd6 Rxd6 36. Rb2 f6 37. Re2 hxg4+ 38.
hxg4 c4 39. bxc4 Rxc4 40. Rb2 Rd3 { The result was initially given as 0-1.
Later Black's results for the first three games were changed from wins to
losses, and he was not paired from round 6 onwards. } 1-0

[Event "Irish International Open 2019"]
[Site "Dublin IRL"]
[Date "2019.04.17"]
[Round "1.32"]
[White "Moran, Hugh"]
[Black "McMorrow, John"]
[Result "0-1"]
[WhiteElo "1522"]
[BlackElo "2058"]
[WhiteICU "1571"]
[BlackICU "2067"]
[WhiteClub "Gonzaga"]
[BlackClub "Gonzaga"]
[WhiteNationality "IRL"]
[BlackNationality "IRL"]
[WhiteFideId "2511100"]
[BlackFideId "2501481"]
[PlyCount "68"]
[EventDate "2019.04.17"]
[ICUid "50085"]
[HashCode "3d41b5ab"]

{ Event information: <a
href="http://www.irlchess.com/irishopen2019_allfiles/pairings_irishopen2019.html">Tournament
report</a>. }

1. e4 e5 2. Bc4 Nc6 3. Nf3 Bc5 4. d3 Nf6 5. O-O d6 6. h3 a6 7. Bg5 Na5 8.
Bb3 Nxb3 9. axb3 h6 10. Bh4 Rg8 11. d4 exd4 12. e5 g5 13. exf6 gxh4 14. Kh1
Qxf6 15. c3 dxc3 16. Nxc3 Be6 17. Nd5 Bxd5 18. Qxd5 O-O-O 19. b4 Bxb4 20.
Qe4 a5 21. Qxh4 Qxh4 22. Nxh4 Rde8 23. Nf5 Rg6 24. Ne3 b6 25. Nd5 Bc5 26.
Nf4 Rf6 27. g3 Rf5 28. Kg2 h5 29. h4 Bd4 30. Ra2 Rb5 31. Rd1 Rxb2 32. Rxb2
Bxb2 33. Nxh5 a4 34. Rb1 a3 0-1

[Event "Irish International Open 2019"]
[Site "Dublin IRL"]
[Date "2019.04.17"]
[Round "1.33"]
[White "Doyle, Hugh"]
[Black "Tempany, Max"]
[Result "1-0"]
[WhiteElo "2042"]
[BlackElo "1519"]
[WhiteICU "2042"]
[BlackICU "1400"]
[WhiteClub "Cork"]
[BlackClub "Gonzaga"]
[WhiteNationality "IRL"]
[BlackNationality "IRL"]
[WhiteFideId "2500876"]
[BlackFideId "2511452"]
[PlyCount "55"]
[EventDate "2019.04.17"]
[HashCode "37e155c3"]

{ Event information: <a
href="http://www.irlchess.com/irishopen2019_allfiles/pairings_irishopen2019.html">Tournament
report</a>. }

1. Nf3 c5 2. g3 Nc6 3. c4 g6 4. Bg2 Bg7 5. O-O e6 6. Nc3 Nge7 7. a3 O-O 8.
b4 cxb4 9. axb4 Nxb4 10. Ba3 Bxc3 11. dxc3 Nbc6 12. Qd6 Re8 13. Qf4 e5 14.
Nxe5 Nxe5 15. Qxe5 Nc6 16. Qf4 Rxe2 17. Rfe1 Qe8 18. Kf1 Re6 19. Bd6 b6 20.
Bd5 Bb7 21. Bxe6 dxe6 22. c5 bxc5 23. Bxc5 Rc8 24. Qf6 a6 25. Red1 Nb8 26.
Bd4 Kf8 27. Qh8+ Ke7 28. Bf6# 1-0

[Event "Irish International Open 2019"]
[Site "Dublin IRL"]
[Date "2019.04.17"]
[Round "1.34"]
[White "Bergin, Cian"]
[Black "Kersten, Julian"]
[Result "0-1"]
[WhiteElo "1512"]
[BlackElo "1996"]
[WhiteNationality "IRL"]
[BlackNationality "AUT"]
[WhiteFideId "2512572"]
[BlackFideId "1628542"]
[PlyCount "94"]
[EventDate "2019.04.17"]
[ICUid "50086"]
[HashCode "5b4b966e"]

{ Event information: <a
href="http://www.irlchess.com/irishopen2019_allfiles/pairings_irishopen2019.html">Tournament
report</a>. }

1. e4 e6 2. d4 d5 3. Nd2 c5 4. exd5 Qxd5 5. dxc5 Qxc5 6. Ngf3 Nf6 7. Bd3
Bd6 8. O-O O-O 9. Nc4 Be7 10. Be3 Qc7 11. a4 Nbd7 12. Re1 b6 13. a5 b5 14.
Na3 a6 15. Qd2 Bb7 16. Bf4 Qc6 17. c3 Nc5 18. Qc2 Nxd3 19. Qxd3 Rad8 20.
Qe2 h6 21. Nc2 Bc5 22. Be3 Bxe3 23. Qxe3 Qd5 24. Nb4 Qh5 25. h3 Bxf3 26.
Qxf3 Qxf3 27. gxf3 Rd6 28. Rad1 Rfd8 29. Rxd6 Rxd6 30. Kf1 Nd5 31. Rd1 Ne3+
32. fxe3 Rxd1+ 33. Ke2 Rd6 34. b3 Kf8 35. e4 e5 36. Nd5 Ke8 37. Kd3 Kd7 38.
c4 bxc4+ 39. bxc4 Kc6 40. Kc3 Kc5 41. Nb6 Rxb6 42. axb6 Kxb6 43. Kb4 a5+
44. Kb3 Kc5 45. Kc3 a4 46. h4 a3 47. Kb3 a2 0-1

[Event "Irish International Open 2019"]
[Site "Dublin IRL"]
[Date "2019.04.17"]
[Round "1.35"]
[White "Reprun, Nadejda"]
[Black "O'Connell, Michael Joseph"]
[Result "1-0"]
[WhiteElo "1995"]
[BlackElo "1508"]
[BlackICU "1235"]
[BlackClub "Curragh"]
[WhiteNationality "ISR"]
[BlackNationality "IRL"]
[WhiteFideId "2806843"]
[BlackFideId "2507676"]
[PlyCount "93"]
[EventDate "2019.04.17"]
[ICUid "50087"]
[HashCode "5bf8de9a"]

{ Event information: <a
href="http://www.irlchess.com/irishopen2019_allfiles/pairings_irishopen2019.html">Tournament
report</a>. }

1. e4 Nc6 2. Nf3 e5 3. Bb5 d6 4. d4 Bd7 5. O-O Nf6 6. Re1 Ne7 7. Bxd7+ Nxd7
8. c3 Ng6 9. Qb3 b6 10. Ng5 Qe7 11. a4 a5 12. Na3 h6 13. Nf3 Qd8 14. Be3
Be7 15. Rad1 O-O 16. Nc4 Re8 17. dxe5 Nc5 18. Qc2 Qc8 19. exd6 Bxd6 20.
Nxd6 cxd6 21. Rxd6 Nxe4 22. Rxb6 Qg4 23. h3 Qc8 24. Rb5 Nd6 25. Rc5 Qb7 26.
Rd1 Ne4 27. Rcd5 Nf6 28. Rb5 Qe7 29. b4 axb4 30. cxb4 Qe4 31. Qb3 Nh4 32.
Nxh4 Qxh4 33. a5 Re7 34. Rd4 Re4 35. Rb7 Qh5 36. Rxe4 Nxe4 37. Qd3 Qe5 38.
Qd4 Qxd4 39. Bxd4 Ra6 40. Rb6 Rxb6 41. Bxb6 Nd6 42. a6 Nb5 43. a7 Nxa7 44.
Bxa7 Kf8 45. b5 Ke7 46. b6 Kd7 47. b7 1-0

[Event "Irish International Open 2019"]
[Site "Dublin IRL"]
[Date "2019.04.17"]
[Round "1.37"]
[White "Flynn, Jacob"]
[Black "Avetisyan, Gagik"]
[Result "1-0"]
[WhiteElo "2011"]
[BlackElo "1474"]
[WhiteICU "2000"]
[BlackICU "1541"]
[WhiteClub "Malahide"]
[BlackClub "Armenian C.C."]
[WhiteNationality "IRL"]
[BlackNationality "IRL"]
[WhiteFideId "2509393"]
[BlackFideId "2512270"]
[PlyCount "69"]
[EventDate "2019.04.17"]
[ICUid "50089"]
[HashCode "454f4a85"]

{ Event information: <a
href="http://www.irlchess.com/irishopen2019_allfiles/pairings_irishopen2019.html">Tournament
report</a>. }

1. d4 Nf6 2. Nc3 d5 3. Bf4 c6 4. e3 Nbd7 5. Bd3 e6 6. Nf3 Be7 7. Qe2 a6 8.
e4 dxe4 9. Nxe4 Nxe4 10. Bxe4 Nf6 11. Bd3 Bd7 12. Ne5 Qb6 13. c3 c5 14.
dxc5 Qxc5 15. Nxd7 Nxd7 16. O-O-O Nf6 17. Kb1 Nd5 18. Be5 Bf6 19. g4 h6 20.
h4 O-O-O 21. Bg3 Bxc3 22. Rc1 Qb4 23. Ka1 Kd7 24. bxc3 Nxc3 25. Qd2 Nd5 26.
Qxb4 Nxb4 27. Be4 b5 28. a3 Nd5 29. Bxd5 exd5 30. Rc7+ Ke6 31. Re1+ Kf6 32.
Ree7 Rhf8 33. Kb2 d4 34. Red7 d3 35. Rc6# 1-0

[Event "Irish International Open 2019"]
[Site "Dublin IRL"]
[Date "2019.04.17"]
[Round "1.39"]
[White "Schmitz, Andreas Arnold"]
[Black "Honner, Mervyn"]
[Result "1-0"]
[WhiteTitle "CM"]
[WhiteElo "2003"]
[BlackElo "1441"]
[BlackICU "1226"]
[BlackClub "Bray"]
[WhiteNationality "GER"]
[BlackNationality "IRL"]
[WhiteFideId "4609875"]
[BlackFideId "2504847"]
[PlyCount "47"]
[EventDate "2019.04.17"]
[ICUid "50091"]
[HashCode "2c045ab3"]

{ Event information: <a
href="http://www.irlchess.com/irishopen2019_allfiles/pairings_irishopen2019.html">Tournament
report</a>. }

1. e4 e5 2. Nf3 Nc6 3. Bc4 Bc5 4. c3 d6 5. d4 exd4 6. cxd4 Bb4+ 7. Bd2
Bxd2+ 8. Nbxd2 a6 9. O-O Bg4 10. Qb3 Nh6 11. Qxb7 Na5 12. Qb4 Nxc4 13. Qxc4
O-O 14. Rac1 Ra7 15. Rc3 Qe7 16. Re1 Bxf3 17. Nxf3 g5 18. Nxg5 Kh8 19. f4
Nf5 20. Rh3 h6 21. Nf3 Kg7 22. exf5 Qd7 23. f6+ Kg6 24. Qd3+ 1-0

[Event "Irish International Open 2019"]
[Site "Dublin IRL"]
[Date "2019.04.17"]
[Round "1.41"]
[White "Murphy, Sean J."]
[Black "Doyle, Peter"]
[Result "1-0"]
[WhiteElo "1976"]
[BlackElo "1420"]
[WhiteICU "1908"]
[BlackICU "1219"]
[WhiteClub "Cork"]
[BlackClub "Cork"]
[WhiteNationality "IRL"]
[BlackNationality "IRL"]
[WhiteFideId "2512742"]
[BlackFideId "2510219"]
[PlyCount "55"]
[EventDate "2019.04.17"]
[WhiteFullName "Murphy, Se&aacute;n J."]
[ICUid "50092"]
[HashCode "35cbe32c"]

{ Event information: <a
href="http://www.irlchess.com/irishopen2019_allfiles/pairings_irishopen2019.html">Tournament
report</a>. }

1. d4 e6 2. Nc3 Nf6 3. Bf4 Bb4 4. e3 Bxc3+ 5. bxc3 Nd5 6. c4 Nxf4 7. exf4
b6 8. Nf3 Qf6 9. Qd2 Bb7 10. Be2 c5 11. c3 O-O 12. O-O Nc6 13. d5 Ne7 14.
Ne5 Rad8 15. Bf3 exd5 16. Ng4 Qd6 17. cxd5 Ba6 18. Rfe1 Qg6 19. Rxe7 Qd3
20. Qxd3 Bxd3 21. Ne5 Bc2 22. d6 Ba4 23. Bd5 Bc6 24. Bxf7+ Rxf7 25. Rxf7 g6
26. Re1 b5 27. Nxc6 dxc6 28. Rxa7 1-0